Statistics for U.S. States Word Search #2

Click here to take the quiz!

General Stats

  • This quiz has been taken 1,165 times
  • The average score is 9 of 10

Answer Stats

State % Correct
Florida
96%
Georgia
93%
Idaho
93%
Iowa
93%
Maine
91%
Ohio
91%
Indiana
90%
Montana
84%
Alaska
80%
Utah
75%

Score Distribution

Percentile by Number Answered

Percent of People with Each Score

Your Score History

You have not taken this quiz